LEADER 01000nam a2200265 i 4500 001 000000186271 003 CaOOAMICUS 005 20190510114651.0 008 100224s1964 it u000 u ita u 013 $a164318 040 $aSeMil$bita 100 1 $aPlus, Raoul,$c.$0(OLS)http://semarc/name/7011 240 13$aLa fidélité à la grace.$0(OLS)http://semarc/title/267748 245 13$aLa fedeltà alla grazia /$cRodolfo Plus. 250 $a3. Ed. 260 $aTorino :$bMarietti,$c1964. 300 $a167 p. ;$c17 cm. 490 0 $aSicut Stellae ;$v14 650 4$aGrazia divina.$0(OLS)http://semarc/subject/229 830 0$aSicut Stellae ;$v14.$0(OLS)http://semarc/title/30812 850 $aSeMil 852 $aSeMil$W1$xVenegono$y1$m3F V 335$j136958$B136958$CSeMilBibl$Z2$F148510 $81 996 $6245$aLa fedeltà alla grazia$9(OLS)http://semarc/title/267747 996 $6260$aTorino :$bMarietti$9(OLS)http://semarc/publisher/29916 LEADER 00849nam a2200229 i 4500 001 000000122378 003 CaOOAMICUS 005 20040202000000.0 008 040202n it u000 u ita u 013 $a95073 040 $aSeMil$bita 245 10$aVolume 2. 300 $aP. 277-533 p. :$bill. 490 0 $aLe pietre d'angolo. Saggi 700 1 $aBiagi, Enzo,$d<1920-2007>.$0(OLS)http://semarc/name/5222 700 1 $aDi Grado, Antonio,$d<1949- >.$0(OLS)http://semarc/name/5223 773 0 $tGrandi siciliani.$dCatania : Giuseppe Maimone, copyr. 1992.$w()10785 830 3$aLe pietre d'angolo. Saggi.$0(OLS)http://semarc/title/14279 850 $aSeMil 852 $aSeMil$W1$xVenegono$y1$m5G IX 3$j77351$B77351$CSeMilBibl$Z2$F79208 $8I 961 $aOmaggio: Martini Card. Carlo Maria 996 $6245$aVolume 2$9(OLS)http://semarc/title/11564